ბათუმის შოთა რუსთაველის სახელმწიფო უნივერსიტეტის ბიბლიოთეკა

რუსულ-ქართული აგროსაინჟინრო ტერმინოლოგიური და განმარტებითი ლექსიკონი:Агроинженерный терминологический и пояснительный словарь (ბიბ.ჩანაწერი № 51045)

000 -LEADER
fixed length control field 01766nam a2200241Ia 4500
001 - CONTROL NUMBER
control field 18002
003 - CONTROL NUMBER IDENTIFIER
control field GE_BSU
008 - FIXED-LENGTH DATA ELEMENTS--GENERAL INFORMATION
fixed length control field 181216s||||||||xx |||||||||||||| ||und||
040 ## - CATALOGING SOURCE
Transcribing agency GE_BSU
080 ## - UNIVERSAL DECIMAL CLASSIFICATION NUMBER
Universal Decimal Classification number 631(038)+811.161.1(038)+811.353.1(038)
100 ## - MAIN ENTRY--PERSONAL NAME
Personal name კაციტაძე, ჯემალ; ფუტკარაძე,ზაურ.
245 ## - TITLE STATEMENT
Title რუსულ-ქართული აგროსაინჟინრო ტერმინოლოგიური და განმარტებითი ლექსიკონი:Агроинженерный терминологический и пояснительный словарь
245 ## - TITLE STATEMENT
Statement of responsibility, etc. რედ:შოთა ჭალაგანიძე
260 ## - PUBLICATION, DISTRIBUTION, ETC.
Place of publication, distribution, etc. ბათუმი.
260 ## - PUBLICATION, DISTRIBUTION, ETC.
Name of publisher, distributor, etc. ალიონი
260 ## - PUBLICATION, DISTRIBUTION, ETC.
Date of publication, distribution, etc. 2016
300 ## - PHYSICAL DESCRIPTION
Extent 280გვ;21სმ.
300 ## - PHYSICAL DESCRIPTION
Other physical details ბიბლიოგრ.: გვ. 278-280
653 ## - INDEX TERM--UNCONTROLLED
Uncontrolled term აგროინჟინერია-სოფლის მეურნეობა
653 ## - INDEX TERM--UNCONTROLLED
Uncontrolled term აგროსაინჟინრო ტერმინოლოგიური და განმარტებითი ლექსიკონი.
653 ## - INDEX TERM--UNCONTROLLED
Uncontrolled term შედგება ორი ნაწილისაგან პირველ ნაწილში წარმოდგენილია რუსული ტერმინები და შესატყვისი ქართული გამოთქმები,ხოლო მეორეში სოფლის მეურნეობის აგროსაინჟინრო სფეროში გამოყენებული ტერმნინების მოკლე განმარტებები.
942 ## - ADDED ENTRY ELEMENTS (KOHA)
Koha item type წიგნი
ეგზემპლარები
Withdrawn status Lost status Damaged status Not for loan Date acquired Barcode Date last seen Price effective from Koha item type
        2018-12-17 45921 -ილია ჭავჭ.ბიბ 2018-12-17 2018-12-17 წიგნი
        2018-12-17 45922-ილია ჭავჭ.ბიბ 2018-12-17 2018-12-17 წიგნი
        2018-12-17 45923-ილია ჭავჭ.ბიბ 2018-12-17 2018-12-17 წიგნი
        2018-12-17 45924-ილია ჭავჭ.ბიბ 2018-12-17 2018-12-17 წიგნი
        2018-12-17 45925-ილია ჭავჭ.ბიბ 2018-12-17 2018-12-17 წიგნი
        2018-12-17 45926- სასოფლო 2018-12-17 2018-12-17 წიგნი
        2018-12-17 45927-სასოფლო 2018-12-17 2018-12-17 წიგნი
        2018-12-17 45928-სასოფლო 2018-12-17 2018-12-17 წიგნი
        2018-12-17 45929-სასოფლო 2018-12-17 2018-12-17 წიგნი
        2018-12-17 45930-სასოფლო 2018-12-17 2018-12-17 წიგნი